| 000 | 00859nam a22002777a 4500 | ||
|---|---|---|---|
| 001 | 701 | ||
| 005 | 20240712134203.0 | ||
| 020 |
_a006020527X : _c$14.00 ($18.75 Can.) |
||
| 020 | _a0060205288 (lib. bdg.) | ||
| 020 | _a9780064441766 | ||
| 040 |
_aDLC _cDLC _dDLC _beng |
||
| 050 | 0 | 0 |
_aPZ7.H672 _bCap 1993 |
| 082 | 0 | 0 |
_a[E] _220 |
| 100 | 1 |
_aHoff, Syd, _d1912-2004. |
|
| 245 | 1 | 0 |
_aCaptain Cat : _bstory and pictures / _cby Syd Hoff. |
| 250 | _a1st ed. | ||
| 260 |
_a[New York] : _bHarperCollins, _c1993. |
||
| 300 |
_a46 pages : _bcolor illustrations ; _c22 cm. |
||
| 505 | _aM | ||
| 520 | _aA cat makes friends with a soldier and learns about military life when he joins the army. | ||
| 521 |
_a530
_bLexile |
||
| 521 |
_aM
_bRaz-Plus |
||
| 650 | 1 |
_aCats _xFiction. |
|
| 906 |
_a7 _bcbc _corignew _d1 _eocip _f19 _gy-gencatlg |
||
| 942 |
_2ddc _cBK _n0 |
||
| 999 |
_c701 _d701 |
||